[Event "Budapest FS11 Nadassy"]
[Site "Budapest"]
[Date "2019.11.06"]
[Round "5.4"]
[White "Poor, Sandor"]
[Black "Al Azmi, Khalaf"]
[Result "1-0"]
[WhiteElo "2179"]
[BlackElo "1698"]
[PlyCount "109"]
[EventDate "2019.11.02"]
[EventType "schev"]
[EventRounds "10"]
[EventCountry "HUN"]
[SourceTitle "CBM 193 Extra"]
[Source "ChessBase"]
[SourceDate "2020.01.31"]
[SourceVersion "1"]
[SourceVersionDate "2020.01.31"]
[SourceQuality "1"]
[WhiteTeam "Higher Elo"]
[BlackTeam "Lower Elo"]
[WhiteTeamCountry "HUN"]
[BlackTeamCountry "HUN"]

1. d4 Nf6 2. c4 d6 3. Nf3 g6 4. Nc3 Bg7 5. e4 Bg4 6. Be2 Bxf3 7. Bxf3 c6 8. Be3 Nbd7 9. 0-0 0-0 10. Rc1 Nb6 11. b3 Qc7 12. Qd2 Rfd8 13. Rfd1 Rac8 14. h3 Nbd7 15. g4 Qb8 16. d5 Ne5 17. Be2 cxd5 18. exd5 b6 19. f4 Ned7 20. Bf3 Nc5 21. g5 Ne8 22. Ne2 Bh8 23. Nd4 Ng7 24. Nc6 Rxc6 25. dxc6 Qc7 26. Qg2 Nf5 27. Bf2 Ne6 28. Qg4 Ned4 29. Rxd4 Nxd4 30. Bxd4 Bxd4+ 31. Kg2 e6 32. b4 d5 33. cxd5 exd5 34. Rd1 Bc3 35. Rxd5 Rxd5 36. Bxd5 Bxb4 37. Qd7 Qxd7 38. cxd7 Be7 39. Kf3 Kg7 40. Ke4 f6 41. gxf6+ Bxf6 42. Bc4 a5 43. Kd5 Kf8 44. Kd6 Bd8 45. a4 h6 46. Bd5 Kg7 47. Kc6 Kf6 48. Kb7 Ke7 49. Bc6 b5 50. Bxb5 Kf6 51. Kc8 Ke7 52. h4 Bb6 53. Bd3 g5 54. fxg5 hxg5 55. hxg5 1-0

[Event "Voronezh op-B 23rd"]
[Site "Voronezh"]
[Date "2019.06.14"]
[Round "3"]
[White "Sushkov, Aleksey"]
[Black "Al Azmi, Khalaf"]
[Result "0-1"]
[WhiteElo "1588"]
[BlackElo "1738"]
[PlyCount "78"]
[EventDate "2019.06.12"]
[EventType "swiss"]
[EventRounds "9"]
[EventCountry "RUS"]
[SourceTitle "EXT 2020"]
[Source "ChessBase"]
[SourceDate "2019.10.17"]
[SourceVersion "1"]
[SourceVersionDate "2019.10.17"]
[SourceQuality "1"]

1. d4 Nf6 2. c4 g6 3. g3 Bg7 4. Bg2 0-0 5. Nf3 d6 6. Nc3 c5 7. 0-0 Nc6 8. d5 Na5 9. Nd2 Rb8 10. Qc2 a6 11. a3 Qc7 12. Na2 Ng4 13. Rb1 Ne5 14. f4 Ng4 15. Rf3 Bd4+ 16. Kh1 Ne3 17. Qd3 Nxg2 18. Kxg2 b5 19. cxb5 Bg4 20. Rf1 Qd7 21. Re1 Bh3+ 22. Kh1 Bf2 23. Rd1 axb5 24. Qf3 Bd4 25. b4 Nb7 26. bxc5 dxc5 27. Bb2 Bf5 28. Bxd4 Bxb1 29. Rxb1 cxd4 30. Nb3 Qf5 31. Rb2 Nd6 32. Nxd4 Qf6 33. Rd2 Nc4 34. Rd3 Ra8 35. Nc2 Qb2 36. Nab4 Ra4 37. Kg2 Rfa8 38. Rb3 Qc1 39. Qd3 Nd2 0-1

[Event "Voronezh op-B 23rd"]
[Site "Voronezh"]
[Date "2019.06.12"]
[Round "1"]
[White "Ponomariov, Timur"]
[Black "Al Azmi, Khalaf"]
[Result "1/2-1/2"]
[WhiteElo "2172"]
[BlackElo "1738"]
[PlyCount "133"]
[EventDate "2019.06.12"]
[EventType "swiss"]
[EventRounds "9"]
[EventCountry "RUS"]
[SourceTitle "CBM 191 Extra"]
[Source "ChessBase"]
[SourceDate "2019.09.30"]
[SourceVersion "1"]
[SourceVersionDate "2019.09.30"]
[SourceQuality "1"]

1. d4 Nf6 2. Nc3 d5 3. Bf4 Bf5 4. e3 e6 5. Nf3 Bb4 6. a3 Bd6 7. Ne5 a6 8. Be2 h6 9. g4 Bh7 10. h4 Nbd7 11. Qd2 Qe7 12. f3 c5 13. Kf2 g5 14. hxg5 hxg5 15. Bg3 0-0-0 16. Na4 Bc7 17. Kg2 Nxe5 18. Bxe5 Bxe5 19. Nb6+ Kb8 20. dxe5 Nd7 21. Nxd7+ Qxd7 22. Rh5 Bg6 23. Rxh8 Rxh8 24. Rh1 Rxh1 25. Kxh1 Qc7 26. Qc3 Qb6 27. b4 c4 28. Kg2 Qb5 29. Bd1 Qa4 30. Kf2 b6 31. Ke1 Qe8 32. Kd2 Qh8 33. Qd4 Kb7 34. Kc3 Qh1 35. a4 Qe1+ 36. Qd2 Qg3 37. Kd4 Kc7 38. a5 b5 39. f4 gxf4 40. exf4 Qg1+ 41. Kc3 Qg3+ 42. Kb2 Qg1 43. f5 d4 44. c3 dxc3+ 45. Kxc3 Qg3+ 46. Kc2 Qb3+ 47. Kc1 Qa3+ 48. Kb1 exf5 49. Qd6+ Kc8 50. Qxa6+ Kd8 51. Qb6+ Ke7 52. Qc5+ Kd8 53. Qd5+ Ke7 54. Qc5+ Kd8 55. Qb6+ Ke7 56. Qf6+ Kf8 57. Qh8+ Ke7 58. Qf6+ Kf8 59. Qd6+ Ke8 60. Qb8+ Ke7 61. Qd6+ Ke8 62. Qc6+ Ke7 63. Qc7+ Ke8 64. Qc8+ Ke7 65. Qc7+ Ke8 66. Qc6+ Ke7 67. Qd6+ 1/2-1/2

[Event "Beirut op 10th"]
[Site "Beirut"]
[Date "2019.04.30"]
[Round "5"]
[White "Djikerian, Rafi"]
[Black "Al Azmi, Khalaf"]
[Result "0-1"]
[WhiteElo "1833"]
[BlackElo "1740"]
[PlyCount "94"]
[EventDate "2019.04.25"]
[EventType "swiss"]
[EventRounds "9"]
[EventCountry "LBN"]
[SourceTitle "CBM 190 Extra"]
[Source "ChessBase"]
[SourceDate "2019.07.15"]
[SourceVersion "1"]
[SourceVersionDate "2019.07.15"]
[SourceQuality "1"]

1. e4 e5 2. Bc4 Nf6 3. Nf3 Nc6 4. d3 Be7 5. 0-0 d6 6. c3 a6 7. b4 0-0 8. h3 Be6 9. Bxe6 fxe6 10. Ng5 Qd7 11. Qb3 Nd8 12. f4 h6 13. Nf3 exf4 14. Nd4 Kh8 15. Nd2 Nh5 16. Ne2 e5 17. Nf3 g5 18. Nh2 Nf6 19. Qc2 Rg8 20. d4 g4 21. h4 Nh5 22. c4 Bxh4 23. dxe5 dxe5 24. Bb2 Bf6 25. Rad1 Qe6 26. Rd5 f3 27. Nc1 Nf4 28. g3 Nxd5 29. exd5 Qf7 30. Qe4 Qg6 31. Qe3 Nf7 32. Nd3 Qg5 33. Qf2 e4 34. Bc1 Qf5 35. Nf4 Ng5 36. Be3 Rae8 37. Qd2 Be5 38. Bd4 Bxd4+ 39. Qxd4+ Qe5 40. Qe3 h5 41. Rd1 Nf7 42. Kf2 Nd6 43. Ne6 Nf5 44. Qf4 e3+ 45. Kg1 Qxf4 46. gxf4 e2 47. Re1 Nh4 0-1

[Event "Beirut op 10th"]
[Site "Beirut"]
[Date "2019.04.27"]
[Round "3"]
[White "Al Azmi, Khalaf"]
[Black "Sharbel, Marwan"]
[Result "0-1"]
[WhiteElo "1740"]
[BlackElo "1973"]
[PlyCount "84"]
[EventDate "2019.04.25"]
[EventType "swiss"]
[EventRounds "9"]
[EventCountry "LBN"]
[SourceTitle "CBM 190 Extra"]
[Source "ChessBase"]
[SourceDate "2019.07.15"]
[SourceVersion "1"]
[SourceVersionDate "2019.07.15"]
[SourceQuality "1"]

1. e4 c5 2. Nf3 d6 3. d4 cxd4 4. Nxd4 Nf6 5. Nc3 a6 6. Bc4 e6 7. Bb3 Be7 8. 0-0 0-0 9. Be3 b5 10. a3 Bb7 11. f3 Nc6 12. Nxc6 Bxc6 13. Qd2 Qc7 14. Rad1 Nd7 15. Rfe1 Ne5 16. Bf4 Rfd8 17. Qe2 Bb7 18. Bc1 Rac8 19. Kh1 Nc4 20. Nb1 Na5 21. Ba2 Qxc2 22. Qxc2 Rxc2 23. Nc3 Bf6 24. e5 dxe5 25. Rxd8+ Bxd8 26. Bb1 Bh4 27. Rg1 Rf2 28. Bd3 Nb3 29. Nd1 Rxf3 30. Be2 Rf6 31. Be3 Nd4 32. Bg4 h6 33. Bd2 Bg5 34. Bb4 Rf4 35. Bh3 Rh4 36. Nf2 Be3 37. Rf1 Bxf2 38. Bxe6 Nxe6 39. Rxf2 Rf4 40. Kg1 Rxf2 41. Kxf2 Nf4 42. Bd6 f6 0-1

[Event "Arab CC-chT op"]
[Site "Hammamet"]
[Date "2019.02.27"]
[Round "3.3"]
[White "Al Azmi, Khalaf"]
[Black "Al Ghamdi, Ahmed M"]
[Result "1/2-1/2"]
[WhiteElo "1714"]
[BlackElo "2103"]
[PlyCount "31"]
[EventDate "2019.02.26"]
[EventType "swiss"]
[EventRounds "7"]
[EventCountry "TUN"]
[SourceTitle "EXT 2024"]
[Source "ChessBase"]
[SourceDate "2023.10.10"]
[SourceVersion "1"]
[SourceVersionDate "2023.10.10"]
[SourceQuality "1"]
[WhiteTeam "KUW Club"]
[BlackTeam "Tawaiq"]
[WhiteTeamCountry "KUW"]
[BlackTeamCountry "SAU"]

1. e4 e5 2. Nf3 Nc6 3. Bc4 Nf6 4. d3 Be7 5. Nc3 0-0 6. 0-0 d6 7. a3 Be6 8. Nd5 Bxd5 9. exd5 Nb8 10. Re1 c6 11. dxc6 bxc6 12. Ba2 Nbd7 13. b4 a5 14. Bb2 axb4 15. axb4 Qb6 16. c3 1/2-1/2

[Event "Olympiad-43"]
[Site "Batumi"]
[Date "2018.10.04"]
[Round "10.2"]
[White "Blackburn, Jonathan LB"]
[Black "Al Azmi, Khalaf"]
[Result "1-0"]
[WhiteElo "2185"]
[BlackElo "1785"]
[PlyCount "75"]
[EventDate "2018.09.24"]
[EventType "team-swiss"]
[EventRounds "11"]
[EventCountry "GEO"]
[SourceTitle "CBM 187"]
[Source "ChessBase"]
[SourceDate "2018.12.11"]
[SourceVersion "1"]
[SourceVersionDate "2018.12.11"]
[SourceQuality "1"]
[WhiteTeam "Wales"]
[BlackTeam "Kuwait"]
[WhiteTeamCountry "WLS"]
[BlackTeamCountry "KUW"]

1. d4 Nf6 2. c4 e6 3. Nc3 Bb4 4. Nf3 0-0 5. e3 b6 6. Bd3 Bb7 7. 0-0 Bxc3 8. bxc3 d6 9. Nd2 Nbd7 10. e4 c5 11. Re1 Qc7 12. Nf1 h6 13. Ng3 Rac8 14. d5 Ne5 15. Bf1 Rfe8 16. f4 Ng6 17. e5 dxe5 18. fxe5 Nd7 19. d6 Qc6 20. Qh5 Kh7 21. a4 f5 22. exf6 Nxf6 23. Qh3 Qxd6 24. Ra2 a5 25. Rf2 Qd8 26. Bg5 Kg8 27. Bxf6 gxf6 28. Qxh6 Rc7 29. Nh5 f5 30. Qxg6+ Kh8 31. Qh6+ Rh7 32. Qf6+ Qxf6 33. Nxf6 Rhe7 34. Nxe8 Rxe8 35. Rxf5 Bc6 36. Rg5 Bxa4 37. Re3 Re7 38. Bd3 1-0

[Event "World Amateur-ch U2000"]
[Site "Cagliari"]
[Date "2018.04.27"]
[Round "7"]
[White "Al Azmi, Khalaf"]
[Black "Flis, Pawel"]
[Result "0-1"]
[WhiteElo "1798"]
[BlackElo "1961"]
[PlyCount "49"]
[EventDate "2018.04.22"]
[EventType "swiss"]
[EventRounds "9"]
[EventCountry "ITA"]
[SourceTitle "CBM 184 Extra"]
[Source "ChessBase"]
[SourceDate "2018.06.28"]
[SourceVersion "1"]
[SourceVersionDate "2018.06.28"]
[SourceQuality "1"]

1. e4 e5 2. Nf3 Nc6 3. Bc4 Nf6 4. Ng5 d5 5. exd5 Na5 6. Bb5+ c6 7. dxc6 bxc6 8. Qf3 Rb8 9. Bxc6+ Nxc6 10. Qxc6+ Nd7 11. d4 Be7 12. Nf3 Rb6 13. Qa4 0-0 14. c3 exd4 15. Nxd4 Nc5 16. Qc2 Ba6 17. b4 Rxb4 18. Ba3 Nd3+ 19. Kd1 Rxb1+ 20. Rxb1 Bxa3 21. Qa4 Nb2+ 22. Rxb2 Bxb2 23. Qc6 Qb6 24. Qc4 Rb8 25. Qb3 0-1

[Event "World Amateur-ch U2000"]
[Site "Cagliari"]
[Date "2018.04.25"]
[Round "5"]
[White "Bonali, Leonardo"]
[Black "Al Azmi, Khalaf"]
[Result "1-0"]
[WhiteElo "1901"]
[BlackElo "1798"]
[PlyCount "79"]
[EventDate "2018.04.22"]
[EventType "swiss"]
[EventRounds "9"]
[EventCountry "ITA"]
[SourceTitle "CBM 184 Extra"]
[Source "ChessBase"]
[SourceDate "2018.06.28"]
[SourceVersion "1"]
[SourceVersionDate "2018.06.28"]
[SourceQuality "1"]

1. d4 Nf6 2. c4 d6 3. Nc3 g6 4. e4 Bg7 5. Nf3 Bg4 6. Be2 0-0 7. h3 Bxf3 8. Bxf3 Nc6 9. Be3 e6 10. a3 a6 11. 0-0 Nd7 12. b4 Qf6 13. Ne2 Rab8 14. Qd2 Qe7 15. Rac1 e5 16. d5 Nd8 17. g4 f5 18. gxf5 gxf5 19. exf5 e4 20. Bg2 Rxf5 21. Ng3 Re5 22. Bf4 Nf6 23. Bxe5 Qxe5 24. Rce1 Nf7 25. Bxe4 Bh6 26. f4 Nxe4 27. Rxe4 Qg7 28. Qg2 Kh8 29. Rfe1 Rg8 30. Kh2 Qc3 31. R1e3 Qc1 32. Qf2 Bf8 33. Re8 Qxc4 34. Qb2+ Bg7 35. Rxg8+ Kxg8 36. Re8+ Bf8 37. Nh5 Ne5 38. fxe5 Kf7 39. Rxf8+ Kxf8 40. e6 1-0

[Event "World Amateur-ch U2000"]
[Site "Cagliari"]
[Date "2018.04.24"]
[Round "4"]
[White "Al Azmi, Khalaf"]
[Black "Sanna, Yuri"]
[Result "1-0"]
[WhiteElo "1798"]
[BlackElo "1964"]
[PlyCount "86"]
[EventDate "2018.04.22"]
[EventType "swiss"]
[EventRounds "9"]
[EventCountry "ITA"]
[SourceTitle "CBM 184 Extra"]
[Source "ChessBase"]
[SourceDate "2018.06.28"]
[SourceVersion "1"]
[SourceVersionDate "2018.06.28"]
[SourceQuality "1"]

1. e4 c5 2. Nf3 Nc6 3. d4 cxd4 4. Nxd4 Nf6 5. Nc3 e5 6. Nf3 Bb4 7. Bd3 d5 8. exd5 Qxd5 9. 0-0 Bxc3 10. bxc3 0-0 11. Be2 Qa5 12. Qe1 Bf5 13. c4 Bxc2 14. Qxa5 Nxa5 15. Nxe5 Rfe8 16. Bb2 Nd7 17. Rac1 Ba4 18. f4 f6 19. Bc3 Nc6 20. Nxd7 Rxe2 21. Nc5 Rxa2 22. Rf2 Rxf2 23. Kxf2 b5 24. Nxa4 bxa4 25. Ra1 Kf7 26. Rxa4 a5 27. f5 Ke7 28. c5 Rb8 29. Re4+ Kd7 30. Rg4 g6 31. fxg6 hxg6 32. Rxg6 Ne5 33. Bxe5 fxe5 34. Rd6+ Ke7 35. Ra6 Rb5 36. c6 Kd6 37. h4 e4 38. Ke3 Rb3+ 39. Kxe4 Rb4+ 40. Kf5 Rxh4 41. g4 Rh1 42. Rxa5 Kxc6 43. Ra6+ Kd7 1-0

[Event "KUW-ch final"]
[Site "Kuwait"]
[Date "2018.01.17"]
[Round "7"]
[White "Al Khateeb, Taher"]
[Black "Al Azmi, Khalaf"]
[Result "0-1"]
[WhiteElo "2001"]
[BlackElo "1732"]
[PlyCount "176"]
[EventDate "2018.01.09"]
[EventType "tourn"]
[EventRounds "9"]
[EventCountry "KUW"]
[SourceTitle "EXT 2019"]
[Source "ChessBase"]
[SourceDate "2018.10.10"]
[SourceVersion "1"]
[SourceVersionDate "2018.10.10"]
[SourceQuality "1"]

1. d4 Nf6 2. Nf3 d5 3. Bg5 c5 4. Bxf6 gxf6 5. Nc3 Bg4 6. e3 e6 7. Be2 f5 8. Ne5 Bxe2 9. Nxe2 Nd7 10. Nxd7 Qxd7 11. c3 Bd6 12. a4 a5 13. dxc5 Bxc5 14. Qb3 0-0-0 15. Qb5 Qxb5 16. axb5 b6 17. 0-0 Kb7 18. Ra4 h5 19. Rfa1 Ra8 20. g3 h4 21. b4 Be7 22. Kg2 hxg3 23. hxg3 axb4 24. cxb4 Rxa4 25. Rxa4 Ra8 26. Rxa8 Kxa8 27. Nd4 Bf6 28. Nc6 Kb7 29. Kf3 Kc7 30. Ke2 Kd7 31. f3 Bc3 32. Kd3 Be1 33. g4 fxg4 34. fxg4 f6 35. e4 dxe4+ 36. Kxe4 Bg3 37. Kf3 Bd6 38. Ke4 Ke8 39. Nd4 Kf7 40. Nc6 Kg6 41. Nd4 Kf7 42. Nc6 Bh2 43. Nd4 Bg1 44. Nc6 Kg6 45. Nd8 f5+ 46. gxf5+ exf5+ 47. Kf4 Bh2+ 48. Kf3 Bd6 49. Nc6 Kg5 50. Kf2 Kg4 51. Kg2 f4 52. Kf2 Bc7 53. Ne7 Bb8 54. Nd5 Be5 55. Ne7 Bd4+ 56. Kf1 f3 57. Nc6 Be3 58. Ne5+ Kf4 59. Ng6+ Ke4 60. Nh4 Bg5 61. Ng6 Bd2 62. Kf2 Bxb4 63. Nh4 Bc5+ 64. Kg3 f2 65. Kg2 Kd3 66. Nf5 Ke2 67. Ng3+ Ke1 68. Nf1 Bd4 69. Nh2 Be5 70. Nf1 Bf4 71. Kh1 Bg5 72. Kg2 Bh4 73. Nh2 Be7 74. Nf1 Bc5 75. Ng3 Be3 76. Nf1 Bd4 77. Ng3 Kd2 78. Kf1 Kd3 79. Nf5 Bc5 80. Ng3 Kc4 81. Ne4 Kxb5 82. Ke2 Kc4 83. Nd2+ Kc3 84. Kd1 Kd3 85. Nf1 b5 86. Ng3 b4 87. Nf1 Be3 88. Nd2 b3 0-1

[Event "KUW-ch First Stage"]
[Site "Kuwait"]
[Date "2017.12.19"]
[Round "9.6"]
[White "Alrashidi, Yousef"]
[Black "Al Azmi, Khalaf"]
[Result "0-1"]
[WhiteElo "1477"]
[BlackElo "1737"]
[PlyCount "49"]
[EventDate "2017.12.09"]
[EventType "swiss"]
[EventRounds "9"]
[EventCountry "KUW"]
[SourceTitle "EXT 2024"]
[Source "ChessBase"]
[SourceDate "2023.10.10"]
[SourceVersion "1"]
[SourceVersionDate "2023.10.10"]
[SourceQuality "1"]

1. Nc3 Nf6 2. Nf3 Nc6 3. d4 d5 4. Bg5 Ne4 5. Nxe4 dxe4 6. d5 exf3 7. dxc6 Qxd1+ 8. Rxd1 fxe2 9. Bxe2 f6 10. Bb5 b6 11. Bh4 e5 12. 0-0 Be6 13. Ba6 Bc5 14. Bb7 Rd8 15. Rxd8+ Kxd8 16. Re1 Ke7 17. a4 Rd8 18. c3 a5 19. h3 g5 20. Bg3 h5 21. Rb1 Bb3 22. Kf1 Rd2 23. Ke1 Rc2 24. Ba6 h4 25. Bd3 0-1

[Event "KUW-ch 1st Stage"]
[Site "Kuwait"]
[Date "2017.01.13"]
[Round "2"]
[White "Al Azmi, Khalaf"]
[Black "Al Hamlan, Faisal"]
[Result "1-0"]
[WhiteElo "1808"]
[BlackElo "1962"]
[PlyCount "91"]
[EventDate "2017.01.12"]
[EventType "swiss"]
[EventRounds "9"]
[EventCountry "KUW"]
[SourceTitle "CBM 176 Extra"]
[Source "ChessBase"]
[SourceDate "2017.03.02"]
[SourceVersion "1"]
[SourceVersionDate "2017.03.02"]
[SourceQuality "1"]

1. e4 c6 2. d4 d5 3. exd5 cxd5 4. c4 Nf6 5. Nc3 e6 6. Nf3 Nc6 7. Be2 h6 8. a3 a6 9. 0-0 Bd6 10. cxd5 exd5 11. Re1 0-0 12. h3 Bf5 13. Bd3 Qd7 14. Ne5 Qc8 15. Nf3 Be6 16. Na4 Qc7 17. Nc5 Bc8 18. Be3 b6 19. Na4 Be6 20. Rc1 Qb7 21. Qd2 b5 22. Nc5 Bxc5 23. dxc5 Ne4 24. Qc2 f5 25. Nd4 Nxd4 26. Bxd4 Qc6 27. f3 Ng5 28. h4 Nh7 29. g4 Qd7 30. c6 Qf7 31. Bc5 Rfe8 32. Rxe6 Rxe6 33. Bxf5 Nf8 34. Bxf8 Rxf8 35. c7 Rc8 36. Qc5 g6 37. Bxe6 Qxe6 38. Qc6 Qe3+ 39. Kg2 Qe2+ 40. Kg3 Qe5+ 41. Kh3 Qxb2 42. Qxg6+ Kh8 43. Qxh6+ Kg8 44. Qe6+ Kg7 45. Qd7+ Kg6 46. Rc6+ 1-0

[Event "Badalona op-B 42nd"]
[Site "Badalona"]
[Date "2016.08.10"]
[Round "9"]
[White "Al Azmi, Khalaf"]
[Black "Ros Montes, Daniel"]
[Result "1-0"]
[WhiteElo "1748"]
[BlackElo "1885"]
[PlyCount "103"]
[EventDate "2016.08.02"]
[EventType "swiss"]
[EventRounds "9"]
[EventCountry "ESP"]
[SourceTitle "CBM 174 Extra"]
[Source "ChessBase"]
[SourceDate "2016.10.10"]
[SourceVersion "1"]
[SourceVersionDate "2016.10.10"]
[SourceQuality "1"]

1. e4 e6 2. b3 d5 3. Bb2 dxe4 4. Nc3 Nf6 5. Qe2 Bb4 6. 0-0-0 Qe7 7. Nxe4 Nbd7 8. Kb1 0-0 9. Nf3 a5 10. Nd4 Rd8 11. g4 Nxe4 12. Qxe4 Nf6 13. Qf3 e5 14. Nf5 Bxf5 15. Qxf5 Bxd2 16. g5 Ne8 17. Bd3 g6 18. Qxe5 Qxe5 19. Bxe5 Bxg5 20. h4 Bf6 21. Bg3 h5 22. f4 Nd6 23. Bf2 a4 24. Rdg1 axb3 25. cxb3 Ra5 26. Rd1 Rda8 27. a4 b5 28. Be1 R5a7 29. Bf2 Rb7 30. Bc5 bxa4 31. b4 a3 32. Ka2 Nb5 33. Bxb5 Rxb5 34. Rd7 Rbb8 35. f5 Re8 36. Rh2 Re1 37. fxg6 Ra1+ 38. Kb3 Rb1+ 39. Kc4 Rb2 40. gxf7+ Kh8 41. Rxb2 axb2 42. Rd1 Kg7 43. f8Q+ Rxf8 44. Bxf8+ Kxf8 45. Kb3 Ke7 46. Kc2 Ke6 47. b5 Be5 48. Rg1 Bf6 49. Rg6 Ke7 50. Rh6 Bxh4 51. Kxb2 Bf6+ 52. Kb3 1-0

[Event "Asia Cup"]
[Site "Abu Dhabi"]
[Date "2016.04.05"]
[Round "9.3"]
[White "Tamra, Attallah"]
[Black "Al Azmi, Khalaf"]
[Result "1-0"]
[WhiteElo "2058"]
[BlackElo "1842"]
[PlyCount "61"]
[EventDate "2016.03.28"]
[EventType "team-swiss"]
[EventRounds "9"]
[EventCountry "UAE"]
[SourceTitle "CBM 171 Extra"]
[Source "ChessBase"]
[SourceDate "2016.04.26"]
[SourceVersion "1"]
[SourceVersionDate "2016.04.26"]
[SourceQuality "1"]
[WhiteTeam "Palestine"]
[BlackTeam "Kuwait"]
[WhiteTeamCountry "PLE"]
[BlackTeamCountry "KUW"]

1. Nf3 d5 2. g3 Nf6 3. Bg2 Nc6 4. d4 g6 5. 0-0 Bg7 6. c4 Bf5 7. Nc3 dxc4 8. d5 Nb8 9. Qa4+ Nbd7 10. Nh4 a6 11. Nxf5 gxf5 12. Qxc4 Nb6 13. Qd3 Qd7 14. Be3 0-0-0 15. Rfd1 e5 16. Bh3 e4 17. Qc2 Kb8 18. d6 Ng4 19. Bxg4 fxg4 20. Nxe4 Nc8 21. Nc5 Qc6 22. Nxa6+ Ka8 23. Nxc7+ Kb8 24. Qxc6 bxc6 25. Bf4 Kb7 26. Rd3 Rd7 27. Rb3+ Nb6 28. a4 Bd4 29. a5 Rb8 30. axb6 Kc8 31. b7+ 1-0

[Event "Asia Cup"]
[Site "Abu Dhabi"]
[Date "2016.04.04"]
[Round "8.2"]
[White "Al Zaabi, Sultan"]
[Black "Al Azmi, Khalaf"]
[Result "0-1"]
[WhiteElo "1817"]
[BlackElo "1842"]
[PlyCount "80"]
[EventDate "2016.03.28"]
[EventType "team-swiss"]
[EventRounds "9"]
[EventCountry "UAE"]
[SourceTitle "CBM 171 Extra"]
[Source "ChessBase"]
[SourceDate "2016.04.26"]
[SourceVersion "1"]
[SourceVersionDate "2016.04.26"]
[SourceQuality "1"]
[WhiteTeam "United Arab Emirates III"]
[BlackTeam "Kuwait"]
[WhiteTeamCountry "UAE"]
[BlackTeamCountry "KUW"]

1. d4 Nf6 2. c4 d6 3. Nc3 g6 4. e4 Bg7 5. h3 0-0 6. Bg5 Nc6 7. Nge2 Na5 8. Qd3 c5 9. 0-0-0 Nc6 10. dxc5 Qa5 11. Bxf6 Bxf6 12. cxd6 Nb4 13. Qb1 exd6 14. a3 Nc6 15. Nd5 Bg7 16. g4 Qc5 17. Nec3 Qxf2 18. Rd2 Bh6 19. Qd3 Nd4 20. Kd1 Bxd2 21. Qxd2 Qf3+ 22. Ke1 Qg3+ 23. Kd1 Ne6 24. Rh2 Qe5 25. h4 Nd4 26. Rf2 Bxg4+ 27. Be2 Bxe2+ 28. Nxe2 Nxe2 29. Nf6+ Kg7 30. Kxe2 Rac8 31. h5 Rxc4 32. h6+ Kh8 33. Ke3 Rfc8 34. Qd5 Qg3+ 35. Rf3 Qe1+ 36. Kf4 Qh4+ 37. Ng4 g5+ 38. Qxg5 Rxe4+ 39. Kf5 Rc5+ 40. Kxe4 Qxg5 0-1

[Event "Asia Cup"]
[Site "Abu Dhabi"]
[Date "2016.04.03"]
[Round "7.3"]
[White "Al Azmi, Khalaf"]
[Black "Shrestha, Sujendra Prasad"]
[Result "0-1"]
[WhiteElo "1842"]
[BlackElo "1893"]
[PlyCount "86"]
[EventDate "2016.03.28"]
[EventType "team-swiss"]
[EventRounds "9"]
[EventCountry "UAE"]
[SourceTitle "CBM 171 Extra"]
[Source "ChessBase"]
[SourceDate "2016.04.26"]
[SourceVersion "1"]
[SourceVersionDate "2016.04.26"]
[SourceQuality "1"]
[WhiteTeam "Kuwait"]
[BlackTeam "Nepal"]
[WhiteTeamCountry "KUW"]
[BlackTeamCountry "NEP"]

1. e4 c5 2. Nf3 d6 3. d4 cxd4 4. Nxd4 Nf6 5. Nc3 a6 6. Bc4 e5 7. Nf3 Be7 8. h3 0-0 9. 0-0 h6 10. Be3 Nc6 11. a3 Be6 12. Qe2 Rc8 13. Bd5 Bxd5 14. Nxd5 Nxd5 15. exd5 Nb8 16. c4 f5 17. Rfe1 Nd7 18. b4 Bf6 19. Rac1 a5 20. Bd2 axb4 21. axb4 e4 22. Nh2 Ne5 23. Red1 Nd3 24. Rc2 Bd4 25. Be3 Bxe3 26. Qxe3 Nxb4 27. Rc3 Na6 28. Rb1 Nc5 29. Nf1 Qf6 30. Rc2 f4 31. Qe1 Rce8 32. Qc3 Re5 33. Nh2 h5 34. Nf1 Qg6 35. Rb5 f3 36. Ne3 Nd3 37. g3 Rg5 38. Kh2 Nxf2 39. Rxf2 Rxg3 40. Rxb7 Rg1 41. Ng4 Rd1 42. Qc2 hxg4 43. hxg4 Qh6+ 0-1